[Event "25.Schlosspark-Open"]
[Site "Wiesbaden-Biebrich"]
[Date "2013.08.25"]
[Round "6.81"]
[White "Busch, Günther"]
[Black "Schneider, Lutz"]
[Result "0-1"]
[WhiteElo "1297"]
[BlackElo "1772"]
[PlyCount "108"]
[EventDate "2013.??.??"]
[WhiteTeam "FC 1934 Wiesbaden-Bierstadt"]
[BlackTeam "Vorw.Orient Mainz"]

1. Nf3 f5 2. b3 Nf6 3. Bb2 d6 4. d4 e6 5. e3 Be7 6. Nc3 O-O 7. Bd3 Nc6 8. Bc4
Ne4 9. Ne2 g5 10. Nd2 d5 11. Bd3 Bd7 12. a3 Qe8 13. Bxe4 fxe4 14. Ng3 Qg6 15.
Qh5 Be8 16. Qxg6+ Bxg6 17. c4 Rf7 18. O-O Bf8 19. Bc3 Ne7 20. Bb4 Rc8 21. Bxe7
Bxe7 22. c5 Rcf8 23. f3 exf3 24. Rxf3 Bd3 25. Rxf7 Rxf7 26. Nf3 Bf6 27. Nh5 g4
28. Nxf6+ Rxf6 29. Ne5 Bf5 30. Rf1 Kg7 31. Rf4 h5 32. Kf1 Rf8 33. Ke2 c6 34. b4
Rc8 35. Rf1 a5 36. bxa5 Ra8 37. Ra1 Rxa5 38. Nd3 Kf6 39. g3 Kg5 40. Nb4 Ra8 41.
a4 Rh8 42. Nd3 h4 43. Nf2 hxg3 44. hxg3 Rh2 45. Rh1 Rg2 46. Kf1 Rxg3 47. Rh8
Rxe3 48. Rg8+ Kf4 49. a5 Ra3 50. Rg7 Kf3 51. Kg1 Ra1+ 52. Kh2 Kxf2 53. a6 Rxa6
54. Rxb7 g3+ 0-1

[Event "25.Schlosspark-Open"]
[Site "Wiesbaden-Biebrich"]
[Date "2013.08.25"]
[Round "6.82"]
[White "Lorenz, Hermann"]
[Black "Schöneberger, Thomas"]
[Result "1-0"]
[WhiteElo "1673"]
[BlackElo "1382"]
[PlyCount "59"]
[EventDate "2013.??.??"]
[WhiteTeam "Sfr.Mainz 1928"]
[BlackTeam "SC 1979 Hattersheim"]

1. c4 e5 2. g3 Nc6 3. Bg2 Bc5 4. Nc3 Nf6 5. e3 d6 6. Nge2 O-O 7. O-O Be6 8. d4
exd4 9. exd4 Nxd4 10. Nxd4 Bxc4 11. Re1 c6 12. Be3 Qb6 13. b3 Be6 14. Na4 Qb4
15. Nxc5 dxc5 16. Nxe6 fxe6 17. Qc2 Nd7 18. Rac1 b6 19. Bxc6 Rad8 20. Be4 Nf6
21. Bg2 Ng4 22. Qe4 Qxe4 23. Bxe4 Nxe3 24. Rxe3 Rd2 25. Rc2 Rxc2 26. Bxc2 Rd8
27. Rd3 Re8 28. Kf1 h6 29. Ke2 g5 30. Rd7 1-0

[Event "25.Schlosspark-Open"]
[Site "Wiesbaden-Biebrich"]
[Date "2013.08.25"]
[Round "6.83"]
[White "Rößler, Lukas Namgyu"]
[Black "Gerlach, Manuel"]
[Result "1-0"]
[WhiteElo "1604"]
[BlackElo "1260"]
[PlyCount "69"]
[EventDate "2013.??.??"]
[WhiteTeam "SK Mannheim-Lindenhof 1865"]
[BlackTeam "SV Oberursel"]

1. e4 e5 2. Nf3 Nc6 3. Bb5 a6 4. Ba4 Bc5 5. O-O d6 6. h3 Nf6 7. Re1 O-O 8. c3
Bd7 9. d4 Bb6 10. Bg5 h6 11. Bh4 Nb8 12. dxe5 dxe5 13. Nxe5 Bxa4 14. Qxa4 Qd6
15. Nc4 Qe6 16. Nxb6 Qxb6 17. Qc2 Re8 18. Nd2 Nh5 19. Nf1 Nd7 20. Bg3 Nhf6 21.
b4 Rad8 22. Rad1 Qc6 23. f3 Nh5 24. Bh2 Qb6+ 25. Kh1 f6 26. g4 Ne5 27. Bxe5
Rxd1 28. Rxd1 fxe5 29. gxh5 Qf6 30. Qg2 Rf8 31. Rd3 Qh4 32. Ng3 Qf4 33. Nf5 Rf7
34. Rd8+ Kh7 35. Qg6# 1-0

[Event "25.Schlosspark-Open"]
[Site "Wiesbaden-Biebrich"]
[Date "2013.08.25"]
[Round "6.84"]
[White "Triantafillidis, Simeon"]
[Black "Baumeister, Lutz"]
[Result "0-1"]
[WhiteElo "1371"]
[BlackElo "1617"]
[PlyCount "50"]
[EventDate "2013.??.??"]
[WhiteTeam "SF HN-Biberach 1978 e.V."]
[BlackTeam "Wiesbadener SV 1885"]

1. e4 d5 2. exd5 Qxd5 3. Nc3 Qa5 4. Nf3 Nf6 5. d3 Bg4 6. Be2 Nc6 7. Bd2 Qf5 8.
O-O O-O-O 9. a4 a6 10. Be3 e5 11. Qb1 Nd4 12. Qd1 Nxe2+ 13. Qxe2 Bd6 14. Rfb1
Rhe8 15. b4 e4 16. dxe4 Nxe4 17. Nxe4 Rxe4 18. b5 a5 19. Nh4 Qh5 20. f3 Qxh4
21. fxg4 Qxh2+ 22. Kf1 Rde8 23. Re1 Rxe3 24. Qxe3 Rxe3 25. Rxe3 Qh1+ 0-1

[Event "25.Schlosspark-Open"]
[Site "Wiesbaden-Biebrich"]
[Date "2013.08.25"]
[Round "6.85"]
[White "Künne, Lutz Dieter"]
[Black "Klein, Simon"]
[Result "1-0"]
[WhiteElo "1542"]
[BlackElo "919"]
[PlyCount "153"]
[EventDate "2013.??.??"]
[WhiteTeam "Kings Club 98 Jena"]
[BlackTeam "Sfr. Frankfurt 1921"]

1. e4 c5 2. Nc3 Nc6 3. Nf3 d6 4. g3 Nf6 5. Bg2 e5 6. d3 Be7 7. O-O Bg4 8. Be3
Qb6 9. Na4 Qa6 10. b3 b5 11. Nb2 d5 12. exd5 Nxd5 13. h3 Nc3 14. Qd2 Bxf3 15.
Bxf3 Bf6 16. Bxc5 Rc8 17. Nd1 Nd4 18. Bxd4 exd4 19. Re1+ Be7 20. Nxc3 dxc3 21.
Qe3 Rc7 22. Qe5 Qb6 23. Qxg7 Rf8 24. Qxh7 Kd8 25. Qe4 Bc5 26. Kg2 Re7 27. Qa8+
Kd7 28. Qxf8 Rxe1 29. Qxf7+ Re7 30. Qf5+ Kc7 31. Be4 Qd6 32. a4 b4 33. Rh1 Re5
34. Qf7+ Re7 35. Qf3 Qh6 36. Qd1 Bd4 37. h4 Qd2 38. Qxd2 cxd2 39. Rd1 Bc3 40.
Kf1 Kd6 41. Ke2 Kc5 42. Ke3 Rf7 43. f3 a5 44. g4 Kd6 45. h5 Ke5 46. h6 Kf6 47.
h7 Kg7 48. Ke2 Re7 49. Rh1 Re8 50. Kd1 Rh8 51. Rh2 Re8 52. d4 Rh8 53. Rh5 Rd8
54. d5 Kh8 55. Rg5 Re8 56. Rg8+ Rxg8 57. hxg8=Q+ Kxg8 58. f4 Kf7 59. f5 Kf6 60.
d6 Kf7 61. Bd5+ Kf6 62. d7 Ke7 63. Be6 Kd8 64. g5 Ke7 65. f6+ Kd8 66. g6 Bxf6
67. Kxd2 Ke7 68. Bf5 Kf8 69. Kd3 Kg7 70. Ke4 Kh6 71. Kd5 Bd8 72. Kc6 Kg7 73.
Kb7 Kf8 74. Kc8 Ke7 75. g7 Kf7 76. Kxd8 Kxg7 77. Ke7 1-0

[Event "25.Schlosspark-Open"]
[Site "Wiesbaden-Biebrich"]
[Date "2013.08.25"]
[Round "6.86"]
[White "Knödler, Marcel"]
[Black "Künitz, Klaus"]
[Result "0-1"]
[WhiteElo "929"]
[BlackElo "1535"]
[PlyCount "114"]
[EventDate "2013.??.??"]
[WhiteTeam "FC 1934 Wiesbaden-Bierstadt"]
[BlackTeam "TSV Schott Mainz"]

1. g3 f5 2. Nf3 Nf6 3. d4 g6 4. Bg2 Bg7 5. b3 O-O 6. Bb2 d6 7. O-O c6 8. Re1
Na6 9. a3 Nc7 10. Nbd2 Nh5 11. Ra2 f4 12. Nf1 Bg4 13. Qa1 h6 14. c4 g5 15. Rd1
Qe8 16. d5 c5 17. Bxg7 Nxg7 18. b4 b6 19. Kh1 Qh5 20. Ng1 Nf5 21. f3 Nxg3+ 22.
Nxg3 fxg3 23. h3 Bd7 24. Rd3 g4 25. fxg4 Qg6 26. Rxg3 Rf4 27. Bf3 Rxc4 28. Rb2
cxb4 29. axb4 Qf6 30. Qb1 Nb5 31. Be4 Nc3 32. Qd3 Nxe4 33. Rf3 Qxb2 34. Qxc4
Nd2 35. Qf4 Nxf3 36. Nxf3 Qf6 37. Qxf6 exf6 38. Nd2 a5 39. Ne4 a4 40. Nxf6+ Kg7
41. Nxd7 a3 42. Nxb6 a2 43. Nc4 a1=Q+ 44. Kg2 Rf8 45. Ne3 Qd4 46. Nf5+ Rxf5 47.
gxf5 Kf6 48. Kf3 Kxf5 49. b5 Qxd5+ 50. Ke3 Qxb5 51. Kf3 Qb3+ 52. e3 d5 53. h4
d4 54. Ke2 Qxe3+ 55. Kd1 d3 56. h5 Qe2+ 57. Kc1 Qc2# 0-1

[Event "25.Schlosspark-Open"]
[Site "Wiesbaden-Biebrich"]
[Date "2013.08.25"]
[Round "6.87"]
[White "Meier, Alexander"]
[Black "Jahraus, Marlis"]
[Result "1-0"]
[WhiteElo "1390"]
[BlackElo "799"]
[PlyCount "69"]
[EventDate "2013.??.??"]
[WhiteTeam "FC 1934 Wiesbaden-Bierstadt"]
[BlackTeam "SC Untergrombach 46"]

1. e4 e5 2. Nf3 Nc6 3. a3 Nf6 4. Nc3 Bc5 5. h3 O-O 6. Bc4 h6 7. O-O d6 8. d3
Na5 9. Ba2 c6 10. b4 Bd4 11. Nxd4 exd4 12. Ne2 d5 13. exd5 cxd5 14. bxa5 Qxa5
15. Nxd4 Re8 16. Nf3 Be6 17. Qd2 Qc7 18. Bb2 Nh5 19. Be5 Qd7 20. Kh2 f6 21. Bb2
Qd6+ 22. Kh1 Qd7 23. g4 Bxg4 24. hxg4 Qxg4 25. Nh2 Qh4 26. Rg1 Nf4 27. Rg4 Re2
28. Qxf4 Qxf2 29. Qxf2 Rxf2 30. Bxd5+ Kh7 31. d4 Re8 32. Re4 Rc8 33. Re7 Rcxc2
34. Be4+ f5 35. Bxc2 1-0

[Event "25.Schlosspark-Open"]
[Site "Wiesbaden-Biebrich"]
[Date "2013.08.25"]
[Round "6.88"]
[White "Jakesevic, Ivan"]
[Black "Viol, Lucius"]
[Result "1/2-1/2"]
[WhiteElo "1007"]
[BlackElo "957"]
[PlyCount "50"]
[EventDate "2013.??.??"]
[WhiteTeam "FC 1934 Wiesbaden-Bierstadt"]
[BlackTeam "FC 1934 Wiesbaden-Bierstadt"]

1. e3 Nf6 2. d3 d5 3. b3 c5 4. Nd2 e5 5. Bb2 Nc6 6. a3 Bg4 7. Ne2 Bd6 8. g3 O-O
9. Bg2 Bc7 10. O-O Qd7 11. Rb1 a5 12. a4 Rfe8 13. Qe1 Re7 14. Ba3 b6 15. Kh1
Nb4 16. Bxb4 cxb4 17. Ng1 Qc6 18. Rc1 Qe6 19. Bf3 Bxf3+ 20. Ngxf3 h6 21. Kg2
Rae8 22. Ng1 Bd6 23. Qe2 Bc5 24. Rcd1 Rc7 25. Rc1 Nd7 1/2-1/2

[Event "25.Schlosspark-Open"]
[Site "Wiesbaden-Biebrich"]
[Date "2013.08.25"]
[Round "6.90"]
[White "Wöhl, Torsten"]
[Black "Viol, Julius"]
[Result "0-1"]
[WhiteElo "1647"]
[BlackElo "1201"]
[PlyCount "98"]
[EventDate "2013.??.??"]
[WhiteTeam "SC Groß-Zimmern"]
[BlackTeam "FC 1934 Wiesbaden-Bierstadt"]

1. e4 c5 2. Nf3 Nf6 3. e5 Nd5 4. Bc4 Nb6 5. Bb5 a6 6. Be2 g6 7. d4 cxd4 8. Qxd4
Nc6 9. Qf4 Bg7 10. O-O O-O 11. c3 Qc7 12. Qh4 f6 13. Bh6 Nxe5 14. Bxg7 Kxg7 15.
Nbd2 Nxf3+ 16. Nxf3 d6 17. h3 f5 18. Rad1 Qd8 19. Qd4+ Kg8 20. Bc4+ Nxc4 21.
Qxc4+ Kg7 22. Rfe1 Bd7 23. Ng5 h6 24. Ne6+ Bxe6 25. Rxe6 Rf6 26. Qd4 Kf7 27.
Re2 Qc7 28. Rde1 Re8 29. Qd2 g5 30. f4 Qc5+ 31. Kh1 g4 32. hxg4 fxg4 33. Re4
Qh5+ 34. Kg1 g3 35. Qd1 Qh2+ 36. Kf1 Qh1+ 37. Ke2 Qxg2+ 38. Kd3 Qxb2 39. Qb3+
Qxb3 40. axb3 g2 41. Rg1 Rg6 42. Re2 Reg8 43. Ke4 h5 44. Kd5 h4 45. f5 Rg5 46.
Ke4 h3 47. Kf3 Rxf5+ 48. Ke3 Rg3+ 49. Kd2 Rf1 0-1

[Event "25.Schlosspark-Open"]
[Site "Wiesbaden-Biebrich"]
[Date "2013.08.25"]
[Round "6.91"]
[White "Happel, Jürgen"]
[Black "Michel, Carsten"]
[Result "1/2-1/2"]
[WhiteElo "1552"]
[BlackElo "1147"]
[PlyCount "81"]
[EventDate "2013.??.??"]
[WhiteTeam "SV 1920 Hofheim"]
[BlackTeam "SC Flörsheim 1921"]

1. d4 Nf6 2. h3 g6 3. Bf4 Bg7 4. e3 d6 5. Nf3 O-O 6. Be2 c5 7. c3 cxd4 8. exd4
b6 9. O-O Bb7 10. Nbd2 Nc6 11. a4 Rc8 12. Rb1 d5 13. Re1 Na5 14. Rc1 Nc4 15.
Nxc4 dxc4 16. b3 cxb3 17. Qxb3 Nd5 18. Bh2 e6 19. a5 Bh6 20. Rc2 Bf4 21. axb6
Bxh2+ 22. Nxh2 Nxb6 23. Bf3 Ba6 24. Ra1 Bc4 25. Qa3 Rc7 26. Be2 Qe7 27. Qxe7
Rxe7 28. Bxc4 Nxc4 29. Nf3 Ra8 30. Ne5 Nxe5 31. dxe5 a5 32. Ra4 Rc7 33. f4 f6
34. exf6 Kf7 35. Kf2 Kxf6 36. g4 g5 37. Kf3 h6 38. Kg3 Rc5 39. h4 Ra6 40. hxg5+
hxg5 41. c4 1/2-1/2